[Event "ROM-chT Rapid"]
[Site "Sebes"]
[Date "2022.12.03"]
[Round "6.29"]
[White "Zinca, Mircea Adrian"]
[Black "Teodorescu, Razvan"]
[Result "1/2-1/2"]
[WhiteElo "1638"]
[BlackElo "2118"]
[PlyCount "96"]
[EventDate "2022.12.03"]
[EventType "team-swiss (rapid)"]
[EventRounds "8"]
[EventCountry "ROU"]
[SourceTitle "CBM 211 Extra"]
[Source "ChessBase"]
[SourceDate "2023.01.31"]
[SourceVersion "1"]
[SourceVersionDate "2023.01.31"]
[SourceQuality "1"]
[WhiteTeam "Cugir CSO II"]
[BlackTeam "Alba Iulia Unirea II"]
[WhiteTeamCountry "ROU"]
[BlackTeamCountry "ROU"]

1. d4 e6 2. e3 f5 3. Bd3 Nf6 4. f4 d6 5. Nf3 b6 6. 0-0 Bb7 7. Nbd2 Nbd7 8. Qe2 d5 9. b3 c5 10. Bb2 Bd6 11. Ne5 0-0 12. Ndf3 a5 13. a4 Qc8 14. Rac1 Ba6 15. Bxa6 Qxa6 16. Qxa6 Rxa6 17. Nd2 Bxe5 18. fxe5 Nh5 19. c4 cxd4 20. exd4 Ra7 21. Ba3 Rc8 22. cxd5 Rxc1 23. Rxc1 Nf4 24. Rc8+ Kf7 25. dxe6+ Kxe6 26. Rc6+ Kf7 27. Kf1 Nf8 28. Bxf8 Kxf8 29. Rxb6 Nd5 30. Rb5 Ne3+ 31. Kf2 f4 32. Nc4 Nf5 33. d5 g5 34. Rxa5 Rf7 35. Rc5 g4 36. Nd6 g3+ 37. hxg3 fxg3+ 38. Ke2 Nxd6 39. exd6 Rf2+ 40. Ke3 Ke8 41. Rc7 h5 42. Rh7 Rxg2 43. Rxh5 Rb2 44. Rg5 Rxb3+ 45. Kf4 Ra3 46. Rxg3 Rxa4+ 47. Ke5 Ra1 48. Re3 Kd7 1/2-1/2

[Event "ROM-ch U16"]
[Site "Calimanesti"]
[Date "2014.04.08"]
[Round "3"]
[White "Cirstea, Sebastian Mihai"]
[Black "Zinca, Mircea Adrian"]
[Result "0-1"]
[WhiteElo "1001"]
[BlackElo "1579"]
[PlyCount "92"]
[EventDate "2014.04.06"]
[EventType "swiss"]
[EventRounds "9"]
[EventCountry "ROU"]
[SourceTitle "CBM 160 Extra"]
[Source "ChessBase"]
[SourceDate "2014.07.01"]
[SourceVersion "1"]
[SourceVersionDate "2014.07.01"]
[SourceQuality "1"]

1. d4 Nf6 2. c4 e6 3. Nc3 d5 4. e3 c5 5. Nf3 Nc6 6. Bd3 Be7 7. 0-0 0-0 8. e4 cxd4 9. Nxd4 Nxd4 10. e5 Nd7 11. Re1 Nc6 12. Bf4 dxc4 13. Bxc4 Nb6 14. b3 Nxc4 15. bxc4 Bb4 16. Rc1 b6 17. Qg4 Kh8 18. Red1 Qe7 19. Ne4 Nxe5 20. Bxe5 f5 21. Bxg7+ Qxg7 22. Qxg7+ Kxg7 23. Ng5 h6 24. Nf3 Kf6 25. Rb1 Bc5 26. Rb2 Ba6 27. Rc2 Rad8 28. Rxd8 Rxd8 29. h3 Rd1+ 30. Kh2 Bd6+ 31. g3 Bb7 32. Ng1 Bb4 33. h4 Rd2 34. Rxd2 Bxd2 35. Ne2 Ba6 36. a4 Bxc4 37. Nd4 a5 38. Kh3 Bc3 39. Nc2 Bb3 40. Ne3 Bxa4 41. g4 Bd4 42. Kg3 Bxe3 43. fxe3 Bb5 44. Kf4 a4 45. g5+ hxg5+ 46. hxg5+ Kg6 0-1